Métodos cuantitativos para los negocios./ (Registro nro. 9052)

Detalles MARC
000 -LEADER
fixed length control field 01532nam a2200217Ia 4500
005 - FECHA Y HORA DE LA ÚLTIMA TRANSACCIÓN
control field 20250608092250.0
008 - FIXED-LENGTH DATA ELEMENTS--GENERAL INFORMATION
fixed length control field 230823s9999 xx 000 0 und d
020 ## - INTERNATIONAL STANDARD BOOK NUMBER
International Standard Book Number 9702607388
040 ## - CATALOGING SOURCE
Original cataloging agency UPAN
Transcribing agency Biblioteca San Vicente
Description conventions RCAA2
041 ## - LANGUAGE CODE
Language code of text/sound track or separate title spa
082 ## - DEWEY DECIMAL CLASSIFICATION NUMBER
Classification number 658.403 2
Item number R746m
año de publicación 2006
100 ## - MAIN ENTRY--PERSONAL NAME
Personal name Render, Barry
Relator code aut.
245 #0 - TITLE STATEMENT
Title Métodos cuantitativos para los negocios./
Remainder of title Barry Render
250 ## - EDITION STATEMENT
Edition statement 9ª ed.
260 ## - PUBLICATION, DISTRIBUTION, ETC. (IMPRINT)
Place of publication, distribution, etc Mexico:
Name of publisher, distributor, etc Pearson prentice hall,
Date of publication, distribution, etc 2006
300 ## - PHYSICAL DESCRIPTION
Extent 731 p.;
Dimensions 26 cm.
505 ## - FORMATTED CONTENTS NOTE
Formatted contents note Capitulo 1. Introducción al análisis cuantitativo<br/>Capitulo 2. Conceptos y aplicaciones de la probabilidad<br/>Capitulo 3. Análisis de decisión<br/>Capitulo 4. Modelos de regresión<br/>Capitulo 5. Pronósticos<br/>Capitulo 6. Modelos de control de inventarios<br/>Capitulo 7. Modelos de programación lineal: métodos gráficos y de computadora<br/>Capitulo 8. Aplicaciones de modelado de programación lineal: con análisis generados por computadora en Excel y QM para Windows <br/>Capitulo 9. Programación lineal: método simplex<br/>Capitulo 10. Modelos de transporte y asignación <br/>Capitulo 11. Programación entera, programación por metas y programación no lineal<br/>Capitulo 12. Modelos de redes<br/>Capitulo 13. Administración de proyectos<br/>Capitulo 14. Modelos de filas de espera y teoría de colas<br/>Capitulo 15. Modelado de la simulación<br/>Capitulo 16. Análisis de Markov<br/>Capitulo 17. Control estadístico de calidad
650 ## - SUBJECT ADDED ENTRY--TOPICAL TERM
Source of heading or term LEMB
Topical term or geographic name as entry element Cuantitativos
General subdivision Métodos
700 ## - ADDED ENTRY--PERSONAL NAME
Personal name Ralph M. Stair, Jr
Relator code col.
942 ## - ADDED ENTRY ELEMENTS (KOHA)
Koha item type Libros
Source of classification or shelving scheme Dewey Decimal Classification
Existencias
Withdrawn status Lost status Source of classification or shelving scheme Damaged status Not for loan Collection code Home library Current library Date acquired Total Checkouts Full call number Barcode Date last seen Copy number Price effective from Koha item type
    Dewey Decimal Classification     Colección General Biblioteca UPAN San Vicente Biblioteca UPAN San Vicente 23/08/2023   658.403 2 R746m 12002938 23/08/2023 01 23/08/2023 Libros
    Dewey Decimal Classification     Colección General Biblioteca UPAN San Vicente Biblioteca UPAN San Vicente 23/08/2023   658.403 2 R746m 12002940 31/08/2023 02 23/08/2023 Libros
    Dewey Decimal Classification     Colección General Biblioteca UPAN San Vicente Biblioteca UPAN San Vicente 23/08/2023   658.403 2 R746m 12002939 31/08/2023 03 23/08/2023 Libros